000 00492nam a2200181Ia 4500
005 20250130012718.0
008 240331s9999 xx 000 0 und d
020 _a9053833943
082 _bKOO
_a954
100 _aKooiman, D
245 0 _aCommunities and Electorates :
_bA comparative Discussion of Communalism in Colonial India
260 _aAmsterdam
_bVU University press
_c1995
300 _a88 p .,
650 _aReligion
650 _aCommunalism
650 _aHistory
942 _cL
999 _c3516
_d3516